| 000 | 00611nam a22001937a 4500 | ||
|---|---|---|---|
| 005 | 20141124111500.0 | ||
| 010 | _aENG-111287 | ||
| 020 |
_a9789380261669 _c750.00 |
||
| 035 | _aEN-94819 | ||
| 037 | _bDBAD/PUB | ||
| 082 | _a330.9 | ||
| 245 |
_aGlobal financial crisis : _cedited by M. N. Bhattacharjee...[et al] _bimplications and repercussions / |
||
| 260 |
_aGuwahati _bEBH Publishers _c2012 |
||
| 270 |
_a136, M.L. Nehru Road, Panbazar _bGuwahati _e781001 |
||
| 300 |
_axx, 236p. _c23cm(Hb) |
||
| 500 | _aIncludes index | ||
| 700 | _aBhattacharjee, M. N. | ||
| 942 |
_2ddc _cEN _mGLO _h330.9 |
||
| 999 |
_c90150 _d90150 |
||